Desarrollo de una herramienta para el análisis de la estabilidad postural en adultos mayores

Salvato in:
Dettagli Bibliografici
Autore principale: Scaglioni Solano, Pietro, 1965-
Natura: Libro
Lingua:Spanish
Pubblicazione: [San José, Costa Rica] : [Universidad de Costa Rica, Facultad de Ingeniería, Instituto de Investigaciones en Ingeniería] 2012
Tags: Aggiungi Tag
Nessun Tag, puoi essere il primo ad aggiungerne!!

MARC

LEADER 00000nam a2200000Ia 4500
003 PI0203
005 20240529083201.0
008 140114s2012 cr a 000 ||spa d
040 |c cru CEDI  
100 |a Scaglioni Solano, Pietro, 1965-  |9 1978 
245 |a Desarrollo de una herramienta para el análisis de la estabilidad postural en adultos mayores  
260 |a [San José, Costa Rica] : [Universidad de Costa Rica, Facultad de Ingeniería, Instituto de Investigaciones en Ingeniería]  |c 2012 
500 |a Informe Final No. 731-B1-610 
942 |c PI  |h PI-203  |i PI0203  |6 PI_203_PI0203 
999 |c 12675  |d 12675